00601nam a2200241Ia 4500008004000000020001800040041000800058082001700066100001900083245008200102260004500184300001200229650001300241650001600254650001300270650001300283650001100296650001000307650000700317650001300324650000800337650001400345210210b2012 xxu||||| |||| 00| 0 eng d a9780198081777 aeng a954.042 ROYP aROY (Haimanti) aPartitioned lives: migrants refugees citizens in India and Pakistan 1947-1965 aNew DelhibOxford University Pressc2012 axii,254 arefugees aPartitioned aPakistan amigrants alives: aIndia ain acitizens aand a1947-1965